Suomen suurimmat kunnat kirjaimen mukaan - Statistics

Yleistilastot
  • Tätä visaa on pelattu 147 kertaa
  • Keskiarvotulos 19 / 40
Vastaustilastot
Kirjain Kunta % Oikein
H1 Helsinki
94%
E1 Espoo
90%
O1 Oulu
77%
V1 Vantaa
77%
J1 Jyväskylä
75%
T1 Turku
75%
J2 Joensuu
69%
K1 Kuopio
67%
P1 Pori
65%
F1 Forssa
64%
M1 Mikkeli
61%
Ä1 Äänekoski
60%
L1 Lahti
59%
G1 Geta
56%
K2 Kouvola
53%
L2 Lappeenranta
53%
V2 Vaasa
53%
B1 Brändö
52%
A1 Akaa
51%
Ä2 Ähtäri
50%
R1 Rauma
50%
A2 Alavus
47%
S1 Seinäjoki
47%
Y1 Ylivieska
46%
P2 Porvoo
45%
Y1 Ylöjärvi
40%
I1 Imatra
38%
E2 Eura
37%
H2 Hyvinkää
37%
U1 Ulvila
35%
S2 Salo
33%
N2 Nokia
29%
U2 Uusikaarlepyy
27%
N1 Nurmijärvi
25%
R2 Riihimäki
25%
T2 Tuusula
23%
O2 Orivesi
20%
I2 Ilmajoki
18%
M2 Mäntsälä
16%
F2 Finstöm
4%
Ehtoja vastaavia visoja ei löytynyt
Tulosjakauma
Jokaisen tuloksen saaneiden osuus
Persentiili vastausten määrän mukaan
Tuloshistoriasi
Et ole pelannut tätä visaa